Movies I Watched/Rewatched in 2024 :) - Statistics

General Stats
  • This quiz has been taken 14 times
  • The average score is 34 of 123
Answer Stats
Cast Release Year Answer % Correct
Michael Keaton, Winona Ryder, Jenna Ortega 2024 Beetlejuice Beetlejuice
78%
Zendaya, Mike Faist, Josh O'Connor 2024 Challengers
56%
Frances McDormand, William H. Mancy, Steve Buscemi 1996 Fargo
56%
Adam Sandler, Kevin James, Chris Rock 2013 Grown Ups 2
56%
Daniel Radcliffe, Emma Watson, Rupert Grint 2001 Harry Potter and the Sorcerer's Stone
56%
Amy Poehler, Maya Hawke, Ayo Edebiri 2024 Inside Out 2
56%
Blake Lively, Jenny Slate, Justin Baldoni 2024 It Ends With Us
56%
Steve Buscemi, Harvey Keitel, Tim Roth 1992 Reservoir Dogs
56%
Ryan Gosling, Emily Blunt, Aaron Taylor-Johnson 2024 The Fall Guy
56%
Cynthia Erivo, Ariana Grande, Jonathan Bailey 2024 Wicked
56%
Timothée Chalamet, Hugh Grant, Keegan-Michael Key 2023 Wonka
56%
Mia Goth, Jenna Ortega, Brittany Snow 2022 X
56%
Ben Stiller, Owen Wilson, Will Ferrell 2001 Zoolander
56%
Sabrina Carpenter, Cara Delevigne, Chappell Roan 2024 A Nonsense Christmas with Sabrina Carpenter
44%
Ansel Elgort, Lily James, Kevin Spacey 2017 Baby Driver
44%
Rachel Sennott, Ayo Edebiri, Ruby Cruz 2023 Bottoms
44%
Greta Gerwig, Mickey Summer, Adam Driver 2012 Frances Ha
44%
Megan Fox, Amanda Seyfried, Adam Brody 2009 Jennifer's Body
44%
Lilly James, Amanda Setfried, Julie Walters 2018 Mamma Mia! Here We Go Again
44%
Danny DeVito, Mara Wilson, Rhea Perlman 1996 Matilda
44%
Mia Goth, Elizabeth Debicki, Halsey 2024 MaXXXine
44%
Reneé Rapp, Angourie Rice, Auli'i Cravalho 2024 Mean Girls
44%
Jesse Eisenberg, Mark Ruffalo, Woody Harrelson 2013 Now You See Me
44%
Jesse Eisenberg, Mark Ruffalo, Woody Harrelson 2016 Now You See Me 2
44%
Olivia Rodrigo, Daisy Spencer, Chappell Roan 2024 Olivia Rodrigo: GUTS World Tour
44%
Mia Goth, David Corenswet, Tandi Wright 2022 Pearl
44%
Anna Kendrick, Brittany Snow, Anna Camp 2012 Pitch Perfect
44%
Leonardo DiCaprio, Claire Danes, Jesse Bradford 1996 Romeo + Juliet
44%
Jason Schwartzman, Bill Murray, Olivia Williams 1998 Rushmore
44%
Jeremy Renner, Jon Hamm, Ed Helms 2018 Tag
44%
Owen Wilson, Adrien Brody, Jason Schwartzman 2007 The Darjeeling Limited
44%
Dominic Sessa, Paul Giamatti, Da'Vine Joy Randolph 2023 The Holdovers
44%
Anne Hathaway, Nicholas Galitzine, Ella Rubin 2024 The Idea of You
44%
Bill Murray, Owen Wilson, Cate Blanchett 2004 The Life Aquatic with Steve Zissou
44%
Woody Harrelson, Jesse Eisenberg, Emma Stone 2019 Zombieland: Double Tap
44%
Eminem, Brittany Murphy, Anthony Mackie 2002 8 Mile
33%
Timothée Chalamet, Edward Norton, Elle Fanning 2024 A Complete Unknown
33%
Naomi Ackie, Channing Tatum, Christian Slater 2024 Blink Twice
33%
Gary Oldman, Keanu Reeves, Winona Ryder 1992 Bram Stoker's Dracula
33%
Joseph Gordon-Levitt, Emilie de Ravin, Nora Zehetner 2005 Brick
33%
Winona Ryder, Christian Slater, Shannen Doherty 1989 Heathers
33%
John Cusack, Jack Black, Lisa Bonet 2000 High Fidelity
33%
Kathryn Newton, Cole Sprouse, Liza Soberano 2024 Lisa Frankenstein
33%
Kristen Stewart, Katy O'Brian, Ed Harris 2024 Love Lies Bleeding
33%
Maisy Stella, Aubrey Plaza, Percy Hynes White 2024 My Old Ass
33%
Aaron Taylor-Johnson, Thomas Brodie-Sangster, Anne-Marie Duff 2009 Nowhere Boy
33%
Jenna Ortega, Maddie Ziegler, Niles Fitch 2021 The Fallout
33%
Will Arnett, Michael Cera, Zach Galifianakis 2017 The Lego Batman Movie
33%
Jim Henson, Dave Goelz, Frank Oz 1979 The Muppet Movie
33%
Gywneth Paltrow, Ben Stiller, Luke Wilson 2001 The Royal Tenenbaums
33%
Ben Stiller, Kristen Wiig, Sean Penn 2013 The Secret Life of Walter Mitty
33%
Anna Kendrick, Daniel Zovatto, Tony Hale 2023 Woman of the Hour
33%
Casey Affleck, Rooney Mara, McColm Cephas Jr, 2017 A Ghost Story
22%
Geena Davis, Tom Hanks, Lori Petty 1992 A League of Their Own
22%
Luke Wilson, Owen Wilson, Robert Musgrave 1996 Bottle Rocket
22%
Natasha Lyonne, Clea DuVall, RuPaul 1999 But I'm a Cheerleader
22%
Keanu Reeves, Tilda Swinton, Rachel Weisz 2005 Constantine
22%
Leon, Doug E. Doug, John Candy 1993 Cool Runnings
22%
Dakota Fanning, Teri Hatcher, Jennifer Saunders 2009 Coraline
22%
Tessa Thompson, Tyler James Williams, Teyonah Parris 2014 Dear White People
22%
Zachary Gordon, Devon Bostick, Robert Capron 2010 Diary of a Wimpy Kid
22%
Zachary Gordon, Devon Bostick, Robert Capron 2011 Diary of a Wimpy Kid: Rodrick Rules
22%
Kyle Gallner, Emily Skeggs, Griffin Gluck 2020 Dinner in America
22%
Johnny Depp, Al Pacino, Michael Madsen 1997 Donnie Brasco
22%
Angourie Rice, Justice Smith, Debby Ryan 2018 Every Day
22%
Jacob Tremblay, Keith L, Williams, Brady Noon 2019 Good Boys
22%
Jimmy Stewart, Josephine Hull, Peggy Dow 1950 Harvey
22%
Jesse Plemons, Jessie Buckley, Toni Collette 2020 I'm Thinking of Ending Things
22%
Justice Smith, Jack Haven, Ian Foreman 2024 I Saw the TV Glow
22%
Rachel Sennott, Olga Petsa, Jason Jones 2023 I Used to Be Funny
22%
Sarah Snook, Kodi Smit-McPhee, Jacki Weaver 2024 Memoir of a Snail
22%
Jared Gillman, Kara Hayward, Bruce Willis 2012 Moonrise Kingdom
22%
Joseph Gordon-Levitt, Brady Corbet, Michelle Trachtenberg 2004 Mysterious Skin
22%
Pepper LaBeija, Octavia St. Laurent, Venus Xtravaganza 1990 Paris Is Burning
22%
Ferdia Walsh-Peelo, Jack Reynor, Lucy Boynton 2016 Sing Street
22%
Robin Tunney, Fairuza Balk, Neve Campbell 1996 The Craft
22%
Jeremy Jordan, Anna Kendrick, Natalie Knepp 2014 The Last Five Years
22%
Michael Caine, Dave Goelz, Frank Oz 1992 The Muppet Christmas Carol
22%
Matt Dillon, Ralph Macchio, Patrick Swayze 1983 The Outsiders
22%
Robert De Niro, Edward Norton, Marlon Brando 2001 The Score
22%
Jesse Eisenberg, Jeff Daniels, Laura Linney 2005 The Squid and the Whale
22%
John Boyega, Jamie Foxx, Teyonah Parris 2023 They Cloned Tyrone
22%
Isabela Merced, Cree Cicchino, Felix Mallard 2024 Turtles All the Way Down
22%
Heather Matarazzo, Christina Brucato, Cynthia Vidal 1995 Welcome to the Dollhouse
22%
Zane Lowe, Chappell Roan, Lady Gaga 2024 A Carpool Karaoke Christmas
11%
Keanu Reeves, Woody Harrelson, Robert Downey Jr. 2006 A Scanner Darkly
11%
Martin Short, Mara Wilson, Kathleen Turner 1997 A Simple Wish
11%
Edie Sedgwick, Gino Piserchio, Chuck Wein 1965 Beauty #2
11%
Gina Gershon, Jennifer Tilly, Joe Pantoliano 1996 Bound
11%
Rider Strong, Jordan Ladd, Eli Roth 2002 Cabin Fever
11%
Sarah Davenport, Alex Frnka, Gillian Vigman 2017 Deadly Detention
11%
Kylie Cantrall, Rita Ora, Ruby Rose Turner 2024 Descendants: The Rise of Red
11%
Kelly Bastard, Michael Mitton, Jason Haney 2023 Don't Look Away
11%
Max Harwood, Richard E. Grant, Lauren Patel 2021 Everybody's Talking About Jamie
11%
Mitch Eakins, John Patrick Jordan, Tommy Chong 2006 Evil Bong
11%
Mitch Eakins, John Patrick Jordan, Brett Chukerman 2009 Evil Bong 2: King Bong
11%
Mitch Eakins, John Patrick Jordan, Brian Lloyd 2011 Evil Bong 3: The Wrath of Bong
11%
Katharine Isabelle, Emily Perkins, Kris Lemche 2000 Ginger Snaps
11%
Emily Perkins, Tatiana Maslany, Katharine Isabelle 2004 Ginger Snaps 2: Unleased
11%
Emily Perkins, Katharine Isabelle, Nathaniel Arcand 2004 Ginger Snaps Back: The Beginning
11%
Javier Garcia, Mateo Bailey, Nate Oaks 2024 Glory & Gore
11%
William Shatner, Ruth Roman, Wendell Burton 1973 Go Ask Alice
11%
Tsoutomu Tatsumi, Ayano Shiraishi, Yoshiko Shinohara 1988 Grave of the Fireflies
11%
Lacey Chabert, Dustin Milligan, Joe Lo Truglio 2024 Hot Frosty
11%
Sebastian Croft, Charithra Chandran, Tanner Buchanan 2024 How to Date Billy Walsh
11%
Ted Neeley, Carl Anderson, Yvonne Eilliman 1973 Jesus Christ Superstar
11%
Warwick Davis, Ice-T, Anthony Montgomery 2000 Leprechaun in the Hood
11%
Dan Byrd, Alexandra Adi, Bug Hall 2005 Mortuary
11%
Emma Thompson, Robert Sean Leonard, Keanu Reeves 1993 Much Ado About Nothing
11%
Paul America, Joseph Campbell, Genevieve Charbon 1966 My Hustler
11%
Shia LaBeouf, Alison Lohman, Patrick Stewart 1984 Nausicaä of the Valley of the Wind
11%
Tilda Swinton, Billy Zane, Lothaire Bluteau 1992 Orlando
11%
Courtney Eaton, Thomas Mann, Gina Rodriguez 2023 Parachute
11%
Priya Kansara, Ritu Arya, Shobu Kapoor 2023 Polite Society
11%
Elise Eberle, Adam C. Lively 2016 Sleeping on Floors
11%
Enzo Vogrincic, Agustín Pardella, Matías Recalt 2023 Society of the Snow
11%
Paul Mercurio, Tara Morice, Pat Thomson 1992 Strictly Ballroom
11%
Kiernan Shipka, Nico Hiraga, Caleb Hearon 2024 Sweethearts
11%
Ben Platt, Molly Gordon, Ayo Edebiri 2023 Theater Camp
11%
Daryl Hannah, Leah Gibson, Luke Camilleri 2008 The Devil's Ground
11%
Laura Marano, Mena Massoud, Chelsie Preston Crayford 2022 The Royal Treatment
11%
Cheryl Dunye, Guinevere Turner, Valarie Walker 1996 The Watermelon Woman
11%
Ryan Reynolds, Paul Giamatti, Snoop Dogg 2013 Turbo
11%
No matching quizzes found
Score Distribution
Percent of People with Each Score
Percentile by Number Answered
Your Score History
You have not taken this quiz